000 00728nam a22002417a 4500
001 98212
003 UA-OsUOA
005 20210509195253.0
007 ta
008 20130410b un ||||| |||| 00| 0 ukr d
040 _aUA-OsUOA
_brus
_cUA-OsUOA
_dUA-OsUOA
041 _arus
080 _a821.161.1
090 _a821.161.1
_bП91
100 _aПушкин А.
245 _aДраматические произведения: проза
260 _aМ.
_bХудожественная литература
_c1982
300 _a366 с.
650 7 _a82 Література. Літературознавство
_2UDC
942 _cBK
_2udc
955 _a3
999 _c384638
_d384638